Statistiche per indovina il numero 10

Clicka qui per fare il quiz!

Statistiche generali

  • Questo quiz è stato fatto 72 volte
  • Il punteggio medio è 11 su 25

Statistiche sulle risposte

Stagione e squadraNumero 10% Corretto
Roma 2005 2006Totti
94%
Juventus 97 98Del Piero
90%
Napoli 89-90Maradona
84%
Francia euro2004Zidane
71%
Italia mondiali 1994Baggio
69%
Inter 1997 1998Ronaldo
68%
Barcellona 2007 2008Ronaldinho
61%
Juventus 2015 2016Pogba
58%
Real madrid 2015 2016Modric
53%
Bayern Monaco 2009 2010Robben
52%
Inter 2018 2019Lautaro
47%
Manchester utd 2008-2009Rooney
47%
Lazio 2000 2001Crespo
42%
Lazio 98 99Mancini
37%
Italia euro2016Thiago motta
35%
Milan 2005 2006Rui costa
29%
Inter 2004 2005Adriano
26%
Real madrid 2012 2013Ozil
24%
Real madrid 2008 2009Sneijder
24%
Italia euro2008De rossi
23%
Argentina mondiali 2006Riquelme
23%
Inter 2014 2015Kovacic
21%
Inter 2015 2016Jovetic
19%
Spagna euro2008Fabregas
18%
Atletico madrid 2013-2014Arda turan
10%

Distribuzione punteggi

Percentile per numero di risposta

Percentuale di utenti per punteggio

I tuoi punteggi nel tempo

Non hai fatto questo quiz